000
00285nam a2200121Ia 4500
008
190216s9999||||xx |||||||||||||| ||und||
100
_a
Kodungalloor K A
245
0
_a
Chuvanna Poovaninja Yuvav
260
_b
Poorna Pubs Kozhikode
300
_a
118
650
_a
Kathakal
942
_c
BK
999
_c
27526
_d
27526